00940nam a2200241 a 450000100100000000500170001000800410002702000150006804000250008308200180010810000300012624500440015626000340020030000210023449000720025549000320032750001160035960000300047565000450050571000440055083000720059483000320066600001279520240307073945.0091117s2004 dr 000 0 spa d a9993497282 aDO-SdBNPbspacBNPHU a928.61bN454c1 aNeruda, Pablo,d1904-197310aConfieso que he vivido /cPablo Neruda. aSanto Domingo :bUASD,c2004. a343 p. ;c24 cm.1 aPublicaciones de la Universidad Autónoma de Santo Domingo ;v11301 aLiteratura y sociedad ;v40 aIncluye datos biográficos del autor en la solapa de la cubierta y continua en la solapa de la contracubierta.14aNERUDA, PABLO,d1904-1973 4aAutores chilenosySIGLO XXxBiografías1 aUniversidad Autónoma de Santo Domingo aPublicaciones de la Universidad Autónoma de Santo Domingo ;n1150 0aLiteratura y sociedad ;n40